01020 2200217 4500245005100000020001800051250001100069100001900080700001800099700002200117650001900139650001800158650004300176005001900219260002900238041001400267084000800281300002800289500047600317336000900793 aThe Nothing Hill MysterycFelix, CharleshText a979-065-122-8 aCet. 1 aFelix, Charles aMuthia Esfand aLulu Fitri Rahman aNovel Detektif aNovel Misteri aNovel Inggris (dalam Bahasa Indonesia) a20240226100522 aJakartabVisimediac2012 aIndonesia a823 axii, 252 hlm. :c20 cm. aNovel The Nothing Hill Mystery terbit pertama kali tahun 1863, jauh sebelum kemunculan Monsieur Lecow atau Sherlock Holmes, dan dianggap sebagai novel detektif modern yang revolusioner dalam teknik investigasi dan gaya bercerita. Hal yang menari, di dalam novel juga dimasukkan bukti-bukti pelengkap kasus, seperti denah TKP, buku harian korban, kumpulan suray pengakuan saksi, sertifikat pernikahan, catatan medis, laporan analisis kimia, hingga robekan dokumen penting. atext